Statistiche per Best Footballer in Asia

Clicka qui per fare il quiz!

Statistiche generali

  • Questo quiz è stato fatto 8 volte
  • Il punteggio medio è 8 su 10

Statistiche sulle risposte

EdizioneNazioneSquadraCalciatore% Corretto
2014Corea del SudBayer LeverkusenSon Heung-min
100%
2015Corea del SudTottenhamSon Heung-min
100%
2017Corea del SudTottenhamSon Heung-min
100%
2018Corea del SudTottenhamSon Heung-min
100%
2019Corea del SudTottenhamSon Heung-min
100%
2020Corea del SudTottenhamSon Heung-min
100%
2021Corea del SudTottenhamSon Heung-min
100%
2022Corea del SudTottenhamSon Heung-min
100%
2013GiapponeCSKA MoscaKeisuke Honda
25%
2016GiapponeLeicester CityShinji Okazaki
13%

Distribuzione punteggi

Percentile per numero di risposta

Percentuale di utenti per punteggio

I tuoi punteggi nel tempo

Non hai fatto questo quiz